SAMS teach yourself LINUX in 24 hours (Record no. 56955)

MARC details
000 -LEADER
fixed length control field 00679nam a2200205 a 4500
008 - FIXED-LENGTH DATA ELEMENTS--GENERAL INFORMATION
fixed length control field 120416s1999 ||||||||||||||||| || u
020 ## - INTERNATIONAL STANDARD BOOK NUMBER
International Standard Book Number 0672315262
050 ## - LIBRARY OF CONGRESS CALL NUMBER
Classification number QA 76.73.L5 Bal
100 ## - MAIN ENTRY--PERSONAL NAME
Personal name Ball, Bill
245 10 - TITLE STATEMENT
Title SAMS teach yourself LINUX in 24 hours
Statement of responsibility, etc. Ball Bill
250 ## - EDITION STATEMENT
Edition statement 2nd ed.
260 ## - PUBLICATION, DISTRIBUTION, ETC.
Place of publication, distribution, etc. Indiana
Name of publisher, distributor, etc. SAMS
Date of publication, distribution, etc. 1999
300 ## - PHYSICAL DESCRIPTION
Extent xv, 574 p. : ill.
350 ## - PRICE (NR) (BK AM CF MU VM SE) [OBSOLETE]
Price 0.00
650 ## - SUBJECT ADDED ENTRY--TOPICAL TERM
Topical term or geographic name entry element COMPUTERS
650 #0 - SUBJECT ADDED ENTRY--TOPICAL TERM
Topical term or geographic name entry element OPERATING SYSTEMS--COMPUTERS
650 ## - SUBJECT ADDED ENTRY--TOPICAL TERM
Topical term or geographic name entry element OPERATING SYSTEMS (COMPUTERS)
650 ## - SUBJECT ADDED ENTRY--TOPICAL TERM
Topical term or geographic name entry element Linux
995 ## - RECOMMENDATION 995 [LOCAL, UNIMARC FRANCE]
-- 0.00
-- CBU-MAIN LIBRARY (Kitwe)
-- 1
-- 37.95
-- 1
-- AVAILABLE
-- Main Library Open Access Collection
Holdings
Withdrawn status Lost status Source of classification or shelving scheme Damaged status Not for loan Home library Current library Shelving location Date acquired Total Checkouts Full call number Barcode Date last seen Price effective from Koha item type
          CBU-MAIN LIBRARY, KITWE. CBU-MAIN LIBRARY, KITWE.   11/30/2022   QA 76.73.L5 Bal 46172 11/30/2022 11/30/2022 MONOGRAPH